[Event "Reykjavik op"]
[Site "Reykjavik"]
[Date "2023.04.01"]
[Round "5"]
[White "Krassel, Timofei"]
[Black "Texe, Eirik"]
[Result "1-0"]
[WhiteElo "1880"]
[BlackElo "1592"]
[PlyCount "75"]
[EventDate "2023.03.29"]
[EventType "swiss"]
[EventRounds "9"]
[EventCountry "ISL"]
[SourceTitle "CBM 213 Extra"]
[Source "ChessBase"]
[SourceDate "2023.05.31"]
[SourceVersion "1"]
[SourceVersionDate "2023.05.31"]
[SourceQuality "1"]

1. d4 Nf6 2. c4 g6 3. Nc3 d5 4. Nf3 Bg7 5. h4 h6 6. cxd5 Nxd5 7. e4 Nxc3 8. bxc3 c5 9. Be2 cxd4 10. cxd4 Nc6 11. Be3 Bg4 12. d5 Bxf3 13. gxf3 Ne5 14. f4 Nd7 15. Bd4 Qa5+ 16. Kf1 Nf6 17. h5 Rd8 18. Qd3 g5 19. Rg1 Kf8 20. fxg5 hxg5 21. Rxg5 Bh6 22. Rf5 Qc7 23. Be5 Qb6 24. d6 Rxd6 25. Bxd6 Qxd6 26. Qxd6 exd6 27. f3 Ke7 28. Rb1 b6 29. Kf2 Rc8 30. a4 Rc5 31. Rxc5 dxc5 32. a5 Nxh5 33. Rxb6 axb6 34. a6 c4 35. a7 c3 36. Bd1 Nf4 37. a8Q Nd3+ 38. Kf1 1-0

[Event "Sitges Sunway op 9th"]
[Site "Sitges"]
[Date "2022.12.13"]
[Round "2"]
[White "Krassel, Timofei"]
[Black "Bournel, Antoine"]
[Result "0-1"]
[WhiteElo "1787"]
[BlackElo "2392"]
[PlyCount "74"]
[EventDate "2022.12.12"]
[EventType "swiss"]
[EventRounds "10"]
[EventCountry "ESP"]
[SourceTitle "CBM 211 Extra"]
[Source "ChessBase"]
[SourceDate "2023.01.31"]
[SourceVersion "1"]
[SourceVersionDate "2023.01.31"]
[SourceQuality "1"]

1. c4 e5 2. Nc3 Bb4 3. Nd5 Be7 4. d4 d6 5. g3 Nf6 6. Nxe7 Qxe7 7. Bg2 0-0 8. Bg5 h6 9. Bxf6 Qxf6 10. e3 Nc6 11. d5 Nb8 12. h3 Nd7 13. Ne2 a5 14. 0-0 Qg6 15. f4 Nc5 16. Kh2 Re8 17. Nc3 Bf5 18. Re1 Bd3 19. b3 Re7 20. Qf3 Rae8 21. f5 Bxf5 22. e4 Bd7 23. g4 Rb8 24. Bf1 Qg5 25. Kg3 h5 26. Qe3 Qxe3+ 27. Rxe3 hxg4 28. hxg4 g6 29. g5 Kg7 30. Bh3 Bxh3 31. Kxh3 Rh8+ 32. Kg4 Rh2 33. Ne2 Re8 34. Ng3 Reh8 35. Ree1 R8h4+ 36. Kf3 Rf4+ 37. Ke3 Rh3 0-1